[Event "POL-chT U20 2nd League"]
[Site "Szczyrk"]
[Date "2017.07.30"]
[Round "11.62"]
[White "Armula, Karol"]
[Black "Syczewski, Anatolij"]
[Result "1-0"]
[WhiteElo "1462"]
[BlackElo "1314"]
[PlyCount "87"]
[EventDate "2017.07.22"]
[EventType "team-swiss"]
[EventRounds "11"]
[EventCountry "POL"]
[SourceTitle "EXT 2019"]
[Source "ChessBase"]
[SourceDate "2018.10.10"]
[SourceVersion "1"]
[SourceVersionDate "2018.10.10"]
[SourceQuality "1"]

1. e4 e5 2. Nf3 Nc6 3. Bc4 Be7 4. 0-0 Nf6 5. d3 0-0 6. Nc3 d6 7. Be3 Bg4 8. h3 Bh5 9. Re1 a6 10. a3 Na5 11. Ba2 c5 12. Rc1 Nc6 13. Nd5 Nxd5 14. Bxd5 Qc7 15. c3 a5 16. d4 b6 17. dxe5 Bxf3 18. Qxf3 Nxe5 19. Qg3 Rad8 20. h4 Qd7 21. Bf4 Ng6 22. Bg5 Bxg5 23. Qxg5 Qe7 24. Qxe7 Nxe7 25. Re3 Nxd5 26. exd5 Rfe8 27. Rce1 Kf8 28. f3 Rxe3 29. Rxe3 h5 30. Kf2 b5 31. b3 g6 32. Kg3 Re8 33. Rxe8+ Kxe8 34. Kf4 f6 35. g4 hxg4 36. fxg4 Kf7 37. Ke4 Ke7 38. a4 bxa4 39. bxa4 Kd7 40. h5 gxh5 41. gxh5 Ke7 42. h6 Kf8 43. Kf5 Kf7 44. h7 1-0

[Event "POL-chT U20 2nd League"]
[Site "Szczyrk"]
[Date "2017.07.23"]
[Round "2.38"]
[White "Kejna, Piotr"]
[Black "Armula, Karol"]
[Result "1/2-1/2"]
[WhiteElo "1524"]
[BlackElo "1462"]
[PlyCount "66"]
[EventDate "2017.07.22"]
[EventType "team-swiss"]
[EventRounds "11"]
[EventCountry "POL"]
[SourceTitle "EXT 2019"]
[Source "ChessBase"]
[SourceDate "2018.10.10"]
[SourceVersion "1"]
[SourceVersionDate "2018.10.10"]
[SourceQuality "1"]

1. e4 c5 2. Nf3 d6 3. d4 cxd4 4. Nxd4 Nf6 5. Nc3 g6 6. Be3 Bg7 7. f3 0-0 8. Qd2 Nc6 9. 0-0-0 d5 10. Qe1 e6 11. exd5 exd5 12. g4 Re8 13. Qd2 Qe7 14. Bf2 Bd7 15. h4 h5 16. gxh5 Nxh5 17. Nxd5 Qe5 18. Nc3 Kh7 19. Kb1 Rad8 20. Ne4 Be6 21. Ng5+ Kg8 22. Ngxe6 Rxe6 23. c3 Red6 24. Rg1 Nxd4 25. Bxd4 Qf5+ 26. Bd3 Qxf3 27. Rdf1 Qd5 28. Rg5 Qe6 29. Rfg1 Bxd4 30. cxd4 Rxd4 31. Qe2 Rxd3 32. Qxh5 R3d6 33. Qf3 Rd3 1/2-1/2

[Event "POL-chT U19 2nd League"]
[Site "Iwonicz"]
[Date "2015.08.01"]
[Round "11.88"]
[White "Syrkiewicz, Michal"]
[Black "Armula, Karol"]
[Result "0-1"]
[WhiteElo "1007"]
[BlackElo "1117"]
[PlyCount "67"]
[EventDate "2015.07.25"]
[EventType "team-swiss"]
[EventRounds "11"]
[EventCountry "POL"]
[SourceTitle "EXT 2019"]
[Source "ChessBase"]
[SourceDate "2018.10.10"]
[SourceVersion "1"]
[SourceVersionDate "2018.10.10"]
[SourceQuality "1"]
[WhiteTeam "Zielonka Zieloni U19"]
[BlackTeam "Krakow KKSz 1893 U19 II"]
[WhiteTeamCountry "POL"]
[BlackTeamCountry "POL"]

1. e4 c5 2. f4 d5 3. exd5 Nf6 4. Nc3 Nxd5 5. g3 Nxc3 6. bxc3 g6 7. Bg2 Bg7 8. Nf3 Nc6 9. 0-0 0-0 10. Ba3 Qa5 11. Bb2 c4 12. Bc1 Bf5 13. a4 Rfd8 14. Kh1 Bxc3 15. Ra3 Bg7 16. c3 Qc5 17. Re1 e6 18. Nh4 Rac8 19. Nxf5 Qxf5 20. Qe2 Qd3 21. Qxd3 cxd3 22. Re3 Na5 23. Rf3 Nc4 24. Rb3 Na5 25. Rb5 b6 26. Bf1 Nc6 27. Rxd3 Nd4 28. Rb1 Nf5 29. Kg2 h5 30. Ba3 Rxd3 31. Bxd3 Rd8 32. Bxf5 Rxd2+ 33. Kh3 gxf5 34. Rb2 0-1